NRW KFZ Kennzeichen Quiz - Statistics

General Stats
  • This quiz has been taken 52 times
  • The average score is 53 of 94
Answer Stats
Hint Answer % Correct
DO Dortmund
97%
D Düsseldorf
97%
E Essen
97%
BO Bochum
95%
GE Gelsenkirchen
95%
K Köln
95%
AC Aachen
89%
GL Bergisch Gladbach
89%
DU Duisburg
89%
HAM Hamm
89%
LEV Leverkusen
89%
BOT Bottrop
86%
BI Bielefeld
84%
BN Bonn
84%
KR Krefeld
84%
MG Mönchengladbach
81%
MS Münster
81%
PB Paderborn
81%
HER Herne
78%
OB Oberhausen
78%
RE Recklinghausen
78%
W Wuppertal
78%
LIP Lippe
76%
JÜL Jülich
73%
MI Minden
73%
SG Solingen
73%
VIE Viersen
73%
WIT Witten
73%
GT Gütersloh
70%
KLE Kleve
70%
SI Siegen
70%
SO Soest
70%
BOR Borken
68%
CAS Castrop-Rauxel
68%
EU Euskirchen
68%
UN Unna
68%
GLA Gladbeck
65%
HF Herford
65%
NE Neuss
65%
WES Wesel
65%
DIN Dinslaken
62%
HA Hagen
62%
HX Höxter
62%
LP Lippstadt
62%
COE Coesfeld
59%
IS (Alt) Iserlohn
59%
LS (Alt) Lüdenscheid
59%
LÜD (Alt) Lüdenscheid
59%
ME Mettmann
59%
WAT Wattenscheid
59%
DN Düren
57%
LÜN Lünen
57%
MON Monschau
57%
MH Mülheim an der Ruhr
57%
RS Remscheid
57%
WAN Wanne-Eickel
57%
EN Ennepe
54%
OE Olpe
54%
WAF Warendorf
54%
ERK Erkelenz
51%
HSK Hochsauerlandkreis
51%
BÜR Büren
49%
GEL Geldern
49%
AH Ahaus
46%
MO Moers
46%
SU Siegburg
46%
BOH Bocholt
43%
ST Steinfurt
43%
GV Grevenbroich
41%
MK Märkischer Kreis
41%
OP Opladen
41%
BM Bergheim
38%
GK Geilenkirchen
38%
GM Gummersbach
38%
BE Beckum
35%
DT Detmold
35%
HS Heinsberg
35%
BRI (Alt) Brilon
32%
MES (Alt) Meschede
27%
AL (Alt) Altena
24%
AR (Alt) Arnsberg
24%
TE Tecklenburg
22%
WAR Warburg
22%
LE Lemgo
19%
LH Lüdinghausen
19%
SLE Schleiden
19%
LK Lübbecke
16%
BLB Bad Berleburg
14%
HW (Alt) Halle
14%
KK Kempen-Krefeld
14%
RY (Alt) Rheydt
11%
BF Burgsteinfurt
8%
NRW Nordrhein-Westfalen Landtag/NRW Landtag
5%
WD (Alt) Weidenbrück
0%
No matching quizzes found
Score Distribution
Percent of People with Each Score
Percentile by Number Answered
Your Score History
You have not taken this quiz